[Event "P-5195"]
[Site "IECC email"]
[Date "2021.07.25"]
[Round "?"]
[White "Hess, John"]
[Black "Kohler, Hans Christian"]
[Result "0-1"]
[WhiteElo "1811"]
[BlackElo "1739"]
[PlyCount "90"]
[EventDate "2021.??.??"]
[EventType "tourn (corr)"]
[SourceTitle "Corr 2024"]
[Source "ChessBase"]
[SourceDate "2023.10.19"]
[SourceVersion "1"]
[SourceVersionDate "2023.10.19"]
[SourceQuality "1"]
[WhiteTeam "Südafrika"]
[BlackTeam "Deutschland"]
[WhiteTeamCountry "RSA"]
[BlackTeamCountry "GER"]

1. Nf3 Nf6 2. g3 b6 3. Bg2 Bb7 4. 0-0 e6 5. b3 Be7 6. Bb2 0-0 7. c4 d5 8. e3 c5 9. Nc3 dxc4 10. bxc4 Qc8 11. d3 Nc6 12. Qe2 Rd8 13. Rfd1 Na5 14. Rab1 h6 15. Qc2 Rb8 16. Ne2 Ne8 17. Be5 Ra8 18. Bc3 Nc6 19. d4 Nb4 20. Bxb4 cxb4 21. e4 Nd6 22. Nd2 Nb5 23. Qb2 Na3 24. Rbc1 Qc7 25. Kh1 a5 26. f4 Rac8 27. d5 Qd7 28. Nd4 b5 29. cxb5 Nxb5 30. Rxc8 Rxc8 31. Nxb5 Qxb5 32. dxe6 fxe6 33. Qb3 Qc6 34. Bh3 Kf7 35. f5 Rd8 36. Qf3 e5 37. f6 Bxf6 38. Qb3+ Kf8 39. Bf5 Rd4 40. Nf3 Rxe4 41. Bxe4 Qxe4 42. Rf1 Bd5 43. Qb2 Qd3 44. Qg2 Kg8 45. h4 Qc4 0-1

[Event "P-5192"]
[Site "IECC email"]
[Date "2021.06.08"]
[Round "?"]
[White "Hess, John"]
[Black "Mauro, Danilo"]
[Result "1/2-1/2"]
[WhiteElo "1818"]
[BlackElo "1921"]
[PlyCount "32"]
[EventDate "2021.??.??"]
[EventType "tourn (corr)"]
[SourceTitle "Corr 2024"]
[Source "ChessBase"]
[SourceDate "2023.10.19"]
[SourceVersion "1"]
[SourceVersionDate "2023.10.19"]
[SourceQuality "1"]
[WhiteTeam "Südafrika"]
[BlackTeam "Italien"]
[WhiteTeamCountry "RSA"]
[BlackTeamCountry "ITA"]

1. Nf3 Nf6 2. g3 g6 3. b3 Bg7 4. Bb2 d6 5. d4 c5 6. c4 Ne4 7. e3 Qa5+ 8. Nfd2 0-0 9. Bg2 cxd4 10. exd4 Nxd2 11. Bc3 Qb6 12. Qxd2 e5 13. dxe5 dxe5 14. 0-0 Re8 15. Qe3 Qxe3 16. fxe3 Nc6 1/2-1/2

[Event "IECC CL4-2020.05 email"]
[Site "IECC email"]
[Date "2020.12.07"]
[Round "?"]
[White "Hess, John"]
[Black "Hargreaves, Richard"]
[Result "1-0"]
[WhiteElo "1778"]
[BlackElo "1662"]
[PlyCount "29"]
[EventDate "2020.??.??"]
[EventType "tourn (corr)"]
[EventRounds "4"]
[SourceTitle "Corr 2024"]
[Source "ChessBase"]
[SourceDate "2023.10.19"]
[SourceVersion "1"]
[SourceVersionDate "2023.10.19"]
[SourceQuality "1"]
[WhiteTeam "Südafrika"]
[BlackTeam "England"]
[WhiteTeamCountry "RSA"]
[BlackTeamCountry "ENG"]

1. Nf3 Nf6 2. g3 d5 3. Bg2 e6 4. 0-0 c5 5. c4 Nc6 6. cxd5 exd5 7. d4 Be7 8. dxc5 Bxc5 9. Qc2 Be7 10. Nc3 0-0 11. Rd1 Be6 12. Ng5 Qb6 13. Nxd5 Bxd5 14. Bxd5 Nxd5 15. Qxh7# 1-0

[Event "P-5129"]
[Site "IECC email"]
[Date "2019.08.15"]
[Round "?"]
[White "Hess, John"]
[Black "Vio, Mauro"]
[Result "1/2-1/2"]
[WhiteElo "1767"]
[BlackElo "1675"]
[PlyCount "131"]
[EventDate "2019.??.??"]
[EventType "tourn (corr)"]
[SourceTitle "Corr 2024"]
[Source "ChessBase"]
[SourceDate "2023.10.19"]
[SourceVersion "1"]
[SourceVersionDate "2023.10.19"]
[SourceQuality "1"]
[WhiteTeam "Südafrika"]
[BlackTeam "Italien"]
[WhiteTeamCountry "RSA"]
[BlackTeamCountry "ITA"]

1. Nf3 d5 2. c4 dxc4 3. Na3 Nc6 4. Nxc4 Nf6 5. g3 Be6 6. Ne3 Qd7 7. d3 0-0-0 8. Ng5 h5 9. Nxe6 Qxe6 10. Qa4 a6 11. Bg2 Nd4 12. Bd2 g6 13. Rc1 Bh6 14. Qb4 c6 15. Rc4 Bxe3 16. fxe3 Nd5 17. Bxd5 Qxd5 18. Rf1 Nb5 19. Qxe7 Rhe8 20. Qf6 Re6 21. Qf3 Qxf3 22. Rxf3 f5 23. a4 Nd6 24. Rc2 Ne8 25. Bc3 Nc7 26. Bd4 Nd5 27. Kf2 a5 28. h3 b6 29. Bc3 Rde8 30. Bd2 Kd7 31. Rc4 Nf6 32. b4 axb4 33. Bxb4 Ra8 34. Bc3 Nd5 35. Bd2 Nf6 36. Rff4 Kc7 37. Rc2 Nd5 38. Rfc4 Kd7 39. a5 bxa5 40. Ra2 Kd6 41. Bxa5 Kd7 42. e4 fxe4 43. Rxe4 Rxe4 44. dxe4 Nf6 45. Ke3 c5 46. Rd2+ Ke6 47. Bd8 Nd7 48. Bc7 Ra6 49. Kf4 c4 50. Rc2 Rc6 51. Ba5 g5+ 52. Ke3 Rc8 53. Rb2 Rc6 54. Rb5 c3 55. Rb1 Ne5 56. Kf2 Rc5 57. Bb6 Rc4 58. Be3 g4 59. Rb6+ Kd7 60. h4 Rxe4 61. Rb7+ Kc6 62. Rh7 Nc4 63. Rh6+ Kd7 64. Rh7+ Re7 65. Rxe7+ Kxe7 66. Bf4 1/2-1/2

[Event "IECC CL3-2018.03 email"]
[Site "IECC email"]
[Date "2018.07.04"]
[Round "?"]
[White "Bertel, Michael"]
[Black "Hess, John"]
[Result "1-0"]
[WhiteElo "1923"]
[BlackElo "1812"]
[PlyCount "47"]
[EventDate "2018.??.??"]
[EventType "tourn (corr)"]
[EventRounds "4"]
[SourceTitle "Corr 2020"]
[Source "ChessBase"]
[SourceDate "2019.09.30"]
[SourceVersion "1"]
[SourceVersionDate "2019.09.30"]
[SourceQuality "1"]
[WhiteTeam "United States"]
[BlackTeam "South Africa"]
[WhiteTeamCountry "USA"]
[BlackTeamCountry "RSA"]

1. e4 c5 2. Nf3 Nc6 3. Nc3 e5 4. Bc4 Be7 5. d3 Nf6 6. Nd5 0-0 7. 0-0 d6 8. Nxe7+ Qxe7 9. c3 Na5 10. Bb5 a6 11. Ba4 b5 12. Bc2 h6 13. h3 Bd7 14. Re1 Rfc8 15. Be3 Rab8 16. Rc1 Be6 17. b3 Nc6 18. d4 Bd7 19. d5 Nd8 20. Nd2 Nb7 21. f4 Re8 22. Nf3 Nh7 23. fxe5 Nf6 24. exf6 1-0

[Event "IECC CL3-2018.03 email"]
[Site "IECC email"]
[Date "2018.07.04"]
[Round "?"]
[White "Boyce, Harry"]
[Black "Hess, John"]
[Result "1-0"]
[WhiteElo "1992"]
[BlackElo "1817"]
[PlyCount "87"]
[EventDate "2018.??.??"]
[EventType "tourn (corr)"]
[EventRounds "4"]
[SourceTitle "Corr 2020"]
[Source "ChessBase"]
[SourceDate "2019.09.30"]
[SourceVersion "1"]
[SourceVersionDate "2019.09.30"]
[SourceQuality "1"]
[WhiteTeam "Australia"]
[BlackTeam "South Africa"]
[WhiteTeamCountry "AUS"]
[BlackTeamCountry "RSA"]

1. d4 Nf6 2. c4 d5 3. Nf3 dxc4 4. e3 g6 5. Bxc4 Bg7 6. Nc3 0-0 7. 0-0 Nfd7 8. e4 Nb6 9. Be2 Bg4 10. Be3 Nc6 11. d5 Bxf3 12. Bxf3 Ne5 13. Be2 Nec4 14. Bg5 Qd7 15. Rc1 h6 16. Bf4 Rac8 17. b3 Nd6 18. Bf3 Rcd8 19. a4 e5 20. Be3 Nbc8 21. Bg4 f5 22. Bh3 a6 23. Qd3 Qf7 24. f3 Ne7 25. Qd2 Kh7 26. Bc5 Qf6 27. b4 Ra8 28. Qe2 Rf7 29. a5 Rd8 30. g3 Ne8 31. b5 axb5 32. Nxb5 Ra8 33. Qd2 Rd8 34. Qc2 Rd7 35. Rfe1 Qg5 36. Be3 Qf6 37. Qa4 h5 38. f4 Bh6 39. Bf2 exf4 40. e5 Qg5 41. e6 fxg3 42. hxg3 Nxd5 43. exd7 Rxd7 44. Nc3 1-0

[Event "IECC O-4657"]
[Site "IECC email"]
[Date "2018.01.24"]
[Round "?"]
[White "Moore, Ian"]
[Black "Hess, John"]
[Result "0-1"]
[WhiteElo "1647"]
[BlackElo "1777"]
[PlyCount "32"]
[EventDate "2018.??.??"]
[EventType "swiss (corr)"]
[EventRounds "2"]
[SourceTitle "Corr 2020"]
[Source "ChessBase"]
[SourceDate "2019.09.30"]
[SourceVersion "1"]
[SourceVersionDate "2019.09.30"]
[SourceQuality "1"]
[WhiteTeam "United States"]
[BlackTeam "South Africa"]
[WhiteTeamCountry "USA"]
[BlackTeamCountry "RSA"]

1. c4 Nf6 2. Nc3 g6 3. g3 Bg7 4. Bg2 0-0 5. Nf3 d5 6. cxd5 Nxd5 7. 0-0 Nc6 8. Nxd5 Qxd5 9. d3 e5 10. Nd2 Qe6 11. Ne4 Kh8 12. Nc5 Qe8 13. Rb1 Rb8 14. b3 Nd4 15. Bb2 c6 16. e3 Ne6 0-1

[Event "P-5073"]
[Site "IECC email"]
[Date "2017.11.15"]
[Round "?"]
[White "Blackman, Leon"]
[Black "Hess, John"]
[Result "1-0"]
[WhiteElo "1810"]
[BlackElo "1785"]
[PlyCount "53"]
[EventDate "2017.??.??"]
[EventType "tourn (corr)"]
[SourceTitle "Corr 2020"]
[Source "ChessBase"]
[SourceDate "2019.09.30"]
[SourceVersion "1"]
[SourceVersionDate "2019.09.30"]
[SourceQuality "1"]
[WhiteTeam "Australia"]
[BlackTeam "South Africa"]
[WhiteTeamCountry "AUS"]
[BlackTeamCountry "RSA"]

1. e4 c5 2. Nf3 Nc6 3. d4 cxd4 4. Nxd4 Qb6 5. Nb3 Nf6 6. Nc3 e6 7. Bd3 a6 8. 0-0 Be7 9. Be3 Qc7 10. f4 d6 11. Qf3 0-0 12. Rae1 Re8 13. a3 Nd7 14. Qh3 Nf8 15. Rf3 Bf6 16. Ref1 g6 17. f5 Bg7 18. Bh6 Qb6+ 19. Kh1 f6 20. fxg6 hxg6 21. Qh4 Bxh6 22. Qxh6 Qc7 23. e5 f5 24. Ne4 Rd8 25. Nf6+ Kf7 26. exd6 Qxd6 27. Nd2 1-0

[Event "IECC O-4607"]
[Site "IECC email"]
[Date "2017.10.08"]
[Round "?"]
[White "Hess, John"]
[Black "Baker, Matt"]
[Result "1-0"]
[WhiteElo "1767"]
[BlackElo "1576"]
[PlyCount "59"]
[EventDate "2017.??.??"]
[EventType "swiss (corr)"]
[EventRounds "2"]
[SourceTitle "Corr 2020"]
[Source "ChessBase"]
[SourceDate "2019.09.30"]
[SourceVersion "1"]
[SourceVersionDate "2019.09.30"]
[SourceQuality "1"]
[WhiteTeam "South Africa"]
[BlackTeam "United States"]
[WhiteTeamCountry "RSA"]
[BlackTeamCountry "USA"]

1. Nf3 e6 2. g3 c5 3. Bg2 Nf6 4. 0-0 d5 5. c4 Bd6 6. b3 Nbd7 7. Bb2 d4 8. d3 Ne5 9. Nxe5 Bxe5 10. Ba3 Qc7 11. b4 Bd6 12. Nd2 cxb4 13. Bxb4 Bxb4 14. Qa4+ Kf8 15. Qxb4+ Kg8 16. Rab1 Rb8 17. Qa4 a5 18. Nb3 Bd7 19. Qxa5 Qxa5 20. Nxa5 Ra8 21. Nxb7 h6 22. Rb2 h5 23. h4 Rb8 24. Rfb1 Kh7 25. Nc5 Rbc8 26. Nxd7 Nxd7 27. a4 Nc5 28. a5 f5 29. a6 Nxa6 30. Bb7 1-0

[Event "IECC CL4-2017.02 email"]
[Site "IECC email"]
[Date "2017.08.17"]
[Round "?"]
[White "Balmelle, Jean Luc"]
[Black "Hess, John"]
[Result "0-1"]
[WhiteElo "1691"]
[BlackElo "1788"]
[PlyCount "148"]
[EventDate "2017.??.??"]
[EventType "tourn (corr)"]
[EventRounds "4"]
[SourceTitle "Corr 2020"]
[Source "ChessBase"]
[SourceDate "2019.09.30"]
[SourceVersion "1"]
[SourceVersionDate "2019.09.30"]
[SourceQuality "1"]
[WhiteTeam "France"]
[BlackTeam "South Africa"]
[WhiteTeamCountry "FRA"]
[BlackTeamCountry "RSA"]

1. d4 Nf6 2. c4 c5 3. d5 d6 4. Nc3 g6 5. Nf3 Bg7 6. g3 0-0 7. Bg2 Na6 8. 0-0 Nc7 9. a4 Rb8 10. e4 Nd7 11. Re1 Ne5 12. Nxe5 Bxe5 13. f4 Bg7 14. e5 b6 15. Nb5 Nxb5 16. axb5 Ra8 17. Bd2 a5 18. Bc3 Qc7 19. h3 Ra7 20. Qd3 Rd8 21. e6 fxe6 22. Bxg7 Kxg7 23. dxe6 Bb7 24. Bd5 Raa8 25. f5 Rf8 26. Rf1 Bxd5 27. Qxd5 Rae8 28. Rf3 Qc8 29. Raf1 Rf6 30. g4 gxf5 31. gxf5 Kh8 32. Rg3 Rg8 33. Rxg8+ Qxg8+ 34. Kh2 Qg7 35. Rg1 Qh6 36. Qf3 Rf8 37. Qg4 Qf6 38. Rg2 Qe5+ 39. Kh1 Qe1+ 40. Rg1 Qe5 41. b3 d5 42. Qg5 dxc4 43. bxc4 Rd8 44. Qg2 a4 45. Qg3 Qxg3 46. Rxg3 Rf8 47. Ra3 Rxf5 48. Rxa4 Re5 49. Kg2 Kg7 50. Kf3 Kf6 51. Ra6 Rxe6 52. Kf4 Rd6 53. Ke4 h5 54. Kf4 e5+ 55. Ke4 h4 56. Ke3 Kf5 57. Ra8 Rd4 58. Rf8+ Ke6 59. Rh8 Rxc4 60. Rh6+ Kd5 61. Rxb6 Rc3+ 62. Kd2 Rxh3 63. Rh6 c4 64. b6 Rd3+ 65. Kc2 h3 66. b7 Rb3 67. Rh7 h2 68. Rxh2 Rxb7 69. Rd2+ Ke4 70. Re2+ Kf4 71. Kc3 Rc7 72. Re1 e4 73. Kd4 Rd7+ 74. Kxc4 e3 0-1

[Event "IECC CL4-2017.02 email"]
[Site "IECC email"]
[Date "2017.08.17"]
[Round "?"]
[White "Hess, John"]
[Black "Kinna, Michael"]
[Result "1/2-1/2"]
[WhiteElo "1774"]
[BlackElo "1791"]
[PlyCount "57"]
[EventDate "2017.??.??"]
[EventType "tourn (corr)"]
[EventRounds "4"]
[SourceTitle "Corr 2020"]
[Source "ChessBase"]
[SourceDate "2019.09.30"]
[SourceVersion "1"]
[SourceVersionDate "2019.09.30"]
[SourceQuality "1"]
[WhiteTeam "South Africa"]
[BlackTeam "Australia"]
[WhiteTeamCountry "RSA"]
[BlackTeamCountry "AUS"]

1. Nf3 c5 2. c4 Nc6 3. g3 g6 4. Bg2 Bg7 5. 0-0 e6 6. d3 Nge7 7. Nc3 0-0 8. Bg5 h6 9. Bd2 d5 10. a3 g5 11. Rb1 dxc4 12. dxc4 Nf5 13. Na4 Qe7 14. b4 cxb4 15. axb4 g4 16. Ne1 Ne5 17. Bc3 Rd8 18. Nd3 Nxc4 19. Bxg7 Kxg7 20. e4 Nd4 21. Qxg4+ Qg5 22. Qd1 e5 23. f4 exf4 24. Rxf4 Ne3 25. Qd2 Nxg2 26. Kxg2 Qh5 27. Nf2 b6 28. Rd1 Be6 29. Qb2 1/2-1/2

[Event "IECC CL4-2017.02 email"]
[Site "IECC email"]
[Date "2017.08.17"]
[Round "?"]
[White "Keiper, Archie"]
[Black "Hess, John"]
[Result "1/2-1/2"]
[WhiteElo "1737"]
[BlackElo "1775"]
[PlyCount "43"]
[EventDate "2017.??.??"]
[EventType "tourn (corr)"]
[EventRounds "4"]
[SourceTitle "Corr 2020"]
[Source "ChessBase"]
[SourceDate "2019.09.30"]
[SourceVersion "1"]
[SourceVersionDate "2019.09.30"]
[SourceQuality "1"]
[WhiteTeam "United States"]
[BlackTeam "South Africa"]
[WhiteTeamCountry "USA"]
[BlackTeamCountry "RSA"]

1. e4 c5 2. d4 cxd4 3. f4 Nc6 4. Nf3 Nf6 5. e5 Ne4 6. Nxd4 Qb6 7. c3 d6 8. Nd2 dxe5 9. fxe5 Nxd2 10. Bxd2 Nxe5 11. Bf4 Nc6 12. Bb5 Bd7 13. Qe2 a6 14. Bxc6 Bxc6 15. Nxc6 Qxc6 16. 0-0-0 Rc8 17. Rhe1 b5 18. Rd6 Qb7 19. Qe4 Qxe4 20. Rxe4 b4 21. Rxa6 bxc3 22. b3 1/2-1/2

[Event "IECC Swiss-581.2"]
[Site "IECC email"]
[Date "2017.08.02"]
[Round "?"]
[White "Vio, Mauro"]
[Black "Hess, John"]
[Result "1/2-1/2"]
[WhiteElo "1727"]
[BlackElo "1768"]
[PlyCount "76"]
[EventDate "2017.??.??"]
[EventType "swiss (corr)"]
[EventRounds "1"]
[SourceTitle "Corr 2020"]
[Source "ChessBase"]
[SourceDate "2019.09.30"]
[SourceVersion "1"]
[SourceVersionDate "2019.09.30"]
[SourceQuality "1"]
[WhiteTeam "Italy"]
[BlackTeam "South Africa"]
[WhiteTeamCountry "ITA"]
[BlackTeamCountry "RSA"]

1. e4 c5 2. Nf3 Nc6 3. d4 cxd4 4. Nxd4 Qb6 5. Nxc6 bxc6 6. Bd3 e5 7. 0-0 Nf6 8. Nd2 Be7 9. Nc4 Qc7 10. Qe1 0-0 11. f4 d6 12. fxe5 dxe5 13. Qg3 Re8 14. Kh1 Nd7 15. Bh6 Bf8 16. Bd2 Rb8 17. Ba5 Qb7 18. Rad1 f6 19. b3 Kh8 20. Be2 Be7 21. Bh5 Rf8 22. Nd6 Bxd6 23. Rxd6 Qa6 24. Qe1 Nc5 25. Be2 Qb7 26. Bc4 Re8 27. Qe3 Ne6 28. c3 Qa8 29. Rfd1 Qb7 30. Kg1 Ng5 31. R1d2 h6 32. h3 Kh7 33. h4 Ne6 34. Qf3 Nf4 35. g3 Ng6 36. h5 Nf8 37. Rd8 Rxd8 38. Rxd8 Bd7 1/2-1/2

[Event "IECC TH-M-3130"]
[Site "IECC email"]
[Date "2017.03.17"]
[Round "?"]
[White "Hess, John"]
[Black "Neumann, Frank Robert"]
[Result "1-0"]
[WhiteElo "1739"]
[BlackElo "1494"]
[PlyCount "29"]
[EventDate "2017.??.??"]
[EventType "tourn (corr)"]
[SourceTitle "Corr 2020"]
[Source "ChessBase"]
[SourceDate "2019.09.30"]
[SourceVersion "1"]
[SourceVersionDate "2019.09.30"]
[SourceQuality "1"]
[WhiteTeam "South Africa"]
[BlackTeam "Germany"]
[WhiteTeamCountry "RSA"]
[BlackTeamCountry "GER"]

1. b3 Nf6 2. Nf3 e6 3. Bb2 Be7 4. g3 0-0 5. Bg2 Nc6 6. 0-0 b6 7. c4 Bb7 8. d4 d5 9. cxd5 exd5 10. Nc3 Qd7 11. Ne5 Nxe5 12. dxe5 Ne8 13. Nxd5 Rd8 14. e4 c6 15. Bh3 1-0

[Event "IECC TH-M-3130"]
[Site "IECC email"]
[Date "2017.03.17"]
[Round "?"]
[White "Neumann, Frank Robert"]
[Black "Hess, John"]
[Result "0-1"]
[WhiteElo "1386"]
[BlackElo "1753"]
[PlyCount "64"]
[EventDate "2017.??.??"]
[EventType "tourn (corr)"]
[SourceTitle "Corr 2020"]
[Source "ChessBase"]
[SourceDate "2019.09.30"]
[SourceVersion "1"]
[SourceVersionDate "2019.09.30"]
[SourceQuality "1"]
[WhiteTeam "Germany"]
[BlackTeam "South Africa"]
[WhiteTeamCountry "GER"]
[BlackTeamCountry "RSA"]

1. b3 Nf6 2. Bb2 e6 3. e3 b6 4. Nf3 Bb7 5. Be2 c5 6. 0-0 Be7 7. c4 0-0 8. Nc3 d6 9. Qc2 Nbd7 10. Rad1 Rc8 11. d4 cxd4 12. Nxd4 a6 13. a4 Qc7 14. Bf3 Bxf3 15. Nxf3 d5 16. Rd4 Rfd8 17. Re1 Qb7 18. h3 e5 19. Rd2 dxc4 20. Red1 e4 21. Nd4 Ne5 22. Nf5 Rxd2 23. Qxd2 Bf8 24. Nd6 Bxd6 25. Qxd6 Nd3 26. Ba1 cxb3 27. Rb1 Nc5 28. Qg3 Qc6 29. Kh2 Qc7 30. Qxc7 Rxc7 31. Rd1 Rd7 32. Nb1 Rxd1 0-1

[Event "IECC CL4-2016.03 email"]
[Site "IECC email"]
[Date "2017.01.11"]
[Round "?"]
[White "Hess, John"]
[Black "Blackman, Leon"]
[Result "1/2-1/2"]
[WhiteElo "1737"]
[BlackElo "1787"]
[PlyCount "69"]
[EventDate "2017.??.??"]
[EventType "tourn (corr)"]
[EventRounds "4"]
[SourceTitle "Corr 2020"]
[Source "ChessBase"]
[SourceDate "2019.09.30"]
[SourceVersion "1"]
[SourceVersionDate "2019.09.30"]
[SourceQuality "1"]
[WhiteTeam "South Africa"]
[BlackTeam "Australia"]
[WhiteTeamCountry "RSA"]
[BlackTeamCountry "AUS"]

1. Nf3 Nf6 2. g3 d5 3. Bg2 c6 4. 0-0 Bg4 5. c4 e6 6. b3 Nbd7 7. h3 Bxf3 8. Bxf3 h5 9. cxd5 cxd5 10. Bb2 Rc8 11. d3 h4 12. g4 Qa5 13. a3 Bd6 14. b4 Qb6 15. Nd2 0-0 16. Rc1 a5 17. Rb1 axb4 18. Bg2 Qc7 19. axb4 Ne5 20. Qb3 Qc2 21. Rfd1 b5 22. Rbc1 Qxb3 23. Nxb3 Nc6 24. Rb1 Bxb4 25. Nd4 Nxd4 26. Bxd4 Bc3 27. Bxc3 Rxc3 28. Rd2 Rfc8 29. Rxb5 Rc1+ 30. Kh2 R8c2 31. Rb2 Rxd2 32. Rxd2 g5 33. Rb2 Rd1 34. Rb4 Kg7 35. Bf3 1/2-1/2

[Event "IECC CL4-2016.03 email"]
[Site "IECC email"]
[Date "2017.01.11"]
[Round "?"]
[White "Maroneze, Bruno Oliveira"]
[Black "Hess, John"]
[Result "1/2-1/2"]
[WhiteElo "1677"]
[BlackElo "1752"]
[PlyCount "66"]
[EventDate "2017.??.??"]
[EventType "tourn (corr)"]
[EventRounds "4"]
[SourceTitle "Corr 2020"]
[Source "ChessBase"]
[SourceDate "2019.09.30"]
[SourceVersion "1"]
[SourceVersionDate "2019.09.30"]
[SourceQuality "1"]
[WhiteTeam "Brazil"]
[BlackTeam "South Africa"]
[WhiteTeamCountry "BRA"]
[BlackTeamCountry "RSA"]

1. d4 c5 2. d5 Nf6 3. c4 d6 4. Nc3 g6 5. e4 Bg7 6. Nf3 0-0 7. h3 Na6 8. Bd3 Nc7 9. 0-0 a6 10. a4 b6 11. Bf4 e5 12. Bg5 h6 13. Be3 Rb8 14. Qd2 Kh7 15. b3 a5 16. Nh2 Nh5 17. Ne2 Qe7 18. g4 Nf6 19. f4 exf4 20. Bxf4 Nd7 21. Rae1 Ne5 22. Nf3 Ne8 23. Ng3 Nf6 24. Nxe5 dxe5 25. Be3 Ne8 26. Re2 Nd6 27. Ref2 Rh8 28. Rf3 Rb7 29. Ne2 Ra7 30. Nc3 Ba6 31. Nb5 Bxb5 32. cxb5 Rc7 33. Qf2 Rf8 1/2-1/2

[Event "IECC TH-M-3096"]
[Site "IECC email"]
[Date "2017.01.09"]
[Round "?"]
[White "Hess, John"]
[Black "Peraza Balleste, Orlando"]
[Result "1-0"]
[WhiteElo "1736"]
[BlackElo "1889"]
[PlyCount "119"]
[EventDate "2017.??.??"]
[EventType "tourn (corr)"]
[SourceTitle "Corr 2020"]
[Source "ChessBase"]
[SourceDate "2019.09.30"]
[SourceVersion "1"]
[SourceVersionDate "2019.09.30"]
[SourceQuality "1"]
[WhiteTeam "South Africa"]
[BlackTeam "Cuba"]
[WhiteTeamCountry "RSA"]
[BlackTeamCountry "CUB"]

1. Nf3 d5 2. c4 d4 3. g3 c5 4. d3 Nc6 5. Bf4 f6 6. Bg2 e5 7. Bd2 Bd6 8. 0-0 Nge7 9. e3 0-0 10. Na3 a6 11. Qb3 Rf7 12. Nc2 Rb8 13. a4 Bg4 14. h3 Bf5 15. Rfe1 b5 16. axb5 axb5 17. cxb5 dxe3 18. Nxe3 Bd7 19. Nc4 Bc7 20. b6 Bxb6 21. Nd6 Be8 22. Nxf7 Bxf7 23. Qc2 Nf5 24. Bc3 Nb4 25. Bxb4 cxb4 26. g4 Ne7 27. Nh4 g6 28. Be4 Nd5 29. Ng2 Nc7 30. Qd2 Ne6 31. Ne3 Nf4 32. Kh2 f5 33. gxf5 Qh4 34. Bg2 Rd8 35. Red1 e4 36. d4 Bc7 37. Rdc1 Bb8 38. Kg1 Nxh3+ 39. Kf1 Nf4 40. Qxb4 Nxg2 41. Kxg2 Bf4 42. Qe1 Qh2+ 43. Kf1 g5 44. Qc3 Bh5 45. Qc4+ Kh8 46. Ke1 Bxe3 47. fxe3 Qg3+ 48. Kd2 Qd6 49. Qc6 Qb4+ 50. Kc2 Qf8 51. Qb5 Qg7 52. Kb1 Rf8 53. Ra6 Bf7 54. f6 Qg6 55. Qc5 Rb8 56. Ra7 Re8 57. Qd6 Qh5 58. Rd7 g4 59. d5 Qxd5 60. Qxd5 1-0

[Event "IECC O-4009"]
[Site "IECC email"]
[Date "2015.05.04"]
[Round "?"]
[White "Cuaycong, Virgilio"]
[Black "Hess, John"]
[Result "1/2-1/2"]
[WhiteElo "1636"]
[BlackElo "1752"]
[PlyCount "63"]
[EventDate "2015.??.??"]
[EventType "swiss (corr)"]
[EventRounds "2"]
[SourceTitle "Corr 2020"]
[Source "ChessBase"]
[SourceDate "2019.09.30"]
[SourceVersion "1"]
[SourceVersionDate "2019.09.30"]
[SourceQuality "1"]
[WhiteTeam "Philippines"]
[BlackTeam "South Africa"]
[WhiteTeamCountry "PHI"]
[BlackTeamCountry "RSA"]

1. d4 Nf6 2. c4 c5 3. d5 d6 4. Nc3 g6 5. e4 Bg7 6. Nf3 0-0 7. Be2 e6 8. 0-0 Re8 9. Nd2 Na6 10. Re1 Nc7 11. a4 b6 12. Nf1 exd5 13. exd5 Ne4 14. Nxe4 Rxe4 15. Qc2 Re8 16. Bd2 Bf5 17. Qc1 Rb8 18. Ng3 Bd7 19. Bc3 Qh4 20. Bxg7 Kxg7 21. Qc3+ Kg8 22. b3 Re5 23. Bd3 Rbe8 24. Rxe5 Rxe5 25. Re1 Rxe1+ 26. Qxe1 f5 27. Ne2 Kf7 28. g3 Qf6 29. Qd2 Kg7 30. Nf4 Qe5 31. h4 Na6 32. a5 1/2-1/2

[Event "IECC O-3927"]
[Site "IECC email"]
[Date "2014.09.01"]
[Round "?"]
[White "Hess, John"]
[Black "Khan, Shams Pehlwan"]
[Result "1-0"]
[WhiteElo "1727"]
[BlackElo "1871"]
[PlyCount "181"]
[EventDate "2014.??.??"]
[EventType "swiss (corr)"]
[EventRounds "2"]
[SourceTitle "Corr 2020"]
[Source "ChessBase"]
[SourceDate "2019.09.30"]
[SourceVersion "1"]
[SourceVersionDate "2019.09.30"]
[SourceQuality "1"]
[WhiteTeam "South Africa"]
[BlackTeam "India"]
[WhiteTeamCountry "RSA"]
[BlackTeamCountry "IND"]

1. Nf3 Nf6 2. g3 d5 3. Bg2 c5 4. 0-0 Nc6 5. c4 d4 6. d3 Qc7 7. Na3 e5 8. Nc2 Be7 9. e3 0-0 10. exd4 cxd4 11. Re1 Bg4 12. h3 Be6 13. b4 Nd7 14. Rb1 a5 15. a3 axb4 16. axb4 h6 17. Bd2 Rfc8 18. Ra1 Rxa1 19. Qxa1 Bd6 20. Qa3 b6 21. Kh2 Bf5 22. Qb3 Qd8 23. Na3 Qf8 24. Nc2 Bh7 25. Ra1 Qe7 26. Re1 Qf6 27. Re2 Qf5 28. Nce1 Ra8 29. Nh4 Qf6 30. Bxc6 Ra7 31. c5 bxc5 32. Bxd7 c4 33. Qxc4 Rxd7 34. b5 Bc7 35. Bb4 Kh8 36. Kg2 Qb6 37. Ra2 Rd8 38. Ra6 Qb7+ 39. Kg1 Kg8 40. Ng6 Bxg6 41. Rxg6 Bb8 42. Bd2 Bd6 43. Bxh6 Bf8 44. Bd2 Rb8 45. b6 Rc8 46. Qb3 Rb8 47. Ng2 Be7 48. Nh4 Ra8 49. Kh2 Ra1 50. Ng2 Ra6 51. Qc4 Rxb6 52. Rxb6 Qxb6 53. Qd5 Qc5 54. Qxc5 Bxc5 55. Nh4 Kf8 56. Kg2 Be7 57. Nf3 Bd6 58. Ng5 f6 59. Ne6+ Kf7 60. Nd8+ Ke8 61. Nb7 Be7 62. f4 exf4 63. Bxf4 Kd7 64. Na5 Ke6 65. Nb3 Kd5 66. Bc7 f5 67. Bb6 Kc6 68. Bxd4 g6 69. Na5+ Kd5 70. Be3 Bd8 71. Nc4 Be7 72. Nd2 Bf6 73. Nf3 Ke6 74. h4 Kd5 75. Ng5 Bd4 76. Bxd4 Kxd4 77. Ne6+ Ke5 78. Nf4 Kf6 79. Nxg6 Kxg6 80. Kf3 Kg7 81. Kf4 Kg6 82. h5+ Kxh5 83. Kxf5 Kh6 84. d4 Kg7 85. d5 Kf8 86. Kf6 Ke8 87. Ke6 Kd8 88. d6 Ke8 89. d7+ Kd8 90. g4 Kc7 91. g5 1-0